Introduction to criminal justice / (Record no. 12650)

000 -LEADER
fixed length control field 00518cam a2200193 a 4500
020 ## - INTERNATIONAL STANDARD BOOK NUMBER
ISBN 0072961163 (alk. paper)
040 ## - CATALOGING SOURCE
Transcribing agency DLC
082 00 - DEWEY DECIMAL CLASSIFICATION NUMBER
Classification number 364 MCG 2005 A021 Or.
100 1# - MAIN ENTRY--AUTHOR NAME
Personal name Bohm, Robert M.
245 10 - TITLE STATEMENT
Title Introduction to criminal justice /
250 ## - EDITION STATEMENT
Edition statement 4th ed.
260 ## - PUBLICATION, DISTRIBUTION, ETC. (IMPRINT)
Place of publication Boston :
Name of publisher McGraw-Hill,
Year of publication c2005.
300 ## - PHYSICAL DESCRIPTION
Number of Pages xxv, 548, [49] p. :
Other physical details col. ill. ;
Dimensions 28 cm.
650 #0 - SUBJECT ADDED ENTRY--TOPICAL TERM
Topical Term Criminal justice, Administration of
650 #0 - SUBJECT ADDED ENTRY--TOPICAL TERM
Topical Term Crime
650 #0 - SUBJECT ADDED ENTRY--TOPICAL TERM
Topical Term Criminal law
700 1# - ADDED ENTRY--PERSONAL NAME
Personal name Haley, Keith N.
942 ## - ADDED ENTRY ELEMENTS (KOHA)
Koha item type សៀវភៅភាសាអង់គ្លេស
952 ## - LOCATION AND ITEM INFORMATION (KOHA)
Withdrawn status [LOCAL, KOHA] 0
Holdings
Permanent Location Date acquired Koha item type Lost status Shelving location Barcode Current Location Full call number
Library Block A2017-08-15សៀវភៅភាសាអង់គ្លេស A021A16658Library Block A364 MCG 2005 A021 Or.
មជ្ឈមណ្ឌលឯការនៃសាកលវិទ្យាល័យភូមិន្ទកសិកម្មចំការដូង

Powered by Koha